The case of the time-capsule bandit #1 / by ... Read More
Available copies
- 2 of 2 copies available at LARL/NWRL Consortium.
- 2 of 2 copies available at Lake Agassiz Regional Library. (Show preferred library)
Current holds
0 current holds with 2 total copies.
Show Only Available Copies
| Location | Call Number / Copy Notes | Barcode | Shelving Location | Status | Due Date |
|---|---|---|---|---|---|
| Moorhead Public Library | J SPE (Text) | 33500011806882 | Main | Available | - |
| Moorhead Public Library | J SPE (Text) | 33500011806890 | Main | Available | - |
Record details
- ISBN: 9781442476813 (hardcover)
- ISBN: 1442476818 (hardcover)
- Physical Description: 214 p. : ill. ; 22 cm.
- Edition: 1st ed.
- Publisher: New York : Simon & Schuster Books for Young Readers, c2013.
Content descriptions
| Summary, etc.: | Twelve-year-old Randi, unhappy about moving from ... Read More |
Search for related items by subject
| Genre: | Fiction. Juvenile works. |
Search for related items by series
| LDR | 02754cam a2200637 a 4500 | ||
|---|---|---|---|
| 001 | 161082 | ||
| 003 | LARL_NWRL_CONSORTIUM | ||
| 005 | 20140123100830.0 | ||
| 008 | 121005s2013 nyua c 000 1 eng | ||
| 019 | . | ‡a859409756 | |
| 020 | . | ‡a9781442476813 (hardcover) | |
| 020 | . | ‡a1442476818 (hardcover) | |
| 035 | . | ‡a(OCoLC)812122291 ‡z(OCoLC)859409756 | |
| 042 | . | ‡alcac | |
| 043 | . | ‡an-us-tn | |
| 082 | 0 | 0. | ‡a[Fic] ‡223 |
| 100 | 1 | . | ‡aSpencer, Octavia. ‡0(LARL_NWRL_CONSORTIUM)209344 |
| 245 | 1 | 4. | ‡aThe case of the time-capsule bandit ‡n#1 / ‡cby Octavia Spencer ; [illustrations by Vivienne To]. |
| 250 | . | ‡a1st ed. | |
| 260 | . | ‡aNew York : ‡bSimon & Schuster Books for Young Readers, ‡cc2013. | |
| 300 | . | ‡a214 p. : ‡bill. ; ‡c22 cm. | |
| 490 | 0 | . | ‡aRandi Rhodes, ninja detective ; ‡vbk. 1 |
| 520 | . | ‡aTwelve-year-old Randi, unhappy about moving from Brooklyn to Deer Creek, Tennessee, after her mother's death, soon finds new friends and a case to solve surrounding a stolen time capsule and rumors of a centuries-old treasure. | |
| 650 | 1. | ‡aMystery and detective stories. ‡0(LARL_NWRL_CONSORTIUM)176113 | |
| 650 | 1. | ‡aCommunity life ‡zTennessee ‡vFiction. | |
| 650 | 1. | ‡aSingle-parent families ‡vFiction. ‡0(LARL_NWRL_CONSORTIUM)167224 | |
| 650 | 1. | ‡aMoving, Household ‡vFiction. ‡0(LARL_NWRL_CONSORTIUM)166117 | |
| 650 | 1. | ‡aTime capsules ‡vFiction. | |
| 650 | 1. | ‡aBuried treasure ‡vFiction. | |
| 651 | 1. | ‡aTennessee ‡vFiction. ‡0(LARL_NWRL_CONSORTIUM)167650 | |
| 650 | 0. | ‡aDetective and mystery stories. ‡0(LARL_NWRL_CONSORTIUM)18458 | |
| 650 | 0. | ‡aCommunity life ‡zTennessee ‡vJuvenile fiction. | |
| 650 | 0. | ‡aSingle-parent families ‡vJuvenile fiction. ‡0(LARL_NWRL_CONSORTIUM)174905 | |
| 650 | 0. | ‡aMoving, Household ‡vJuvenile fiction. ‡0(LARL_NWRL_CONSORTIUM)173368 | |
| 650 | 0. | ‡aTime capsules ‡vJuvenile fiction. | |
| 650 | 0. | ‡aTreasure troves ‡vJuvenile fiction. | |
| 651 | 0. | ‡aTennessee ‡vJuvenile fiction. | |
| 650 | 7. | ‡aCommunity life. ‡2fast ‡0(LARL_NWRL_CONSORTIUM)17306 | |
| 650 | 7. | ‡aDetective and mystery stories. ‡2fast ‡0(LARL_NWRL_CONSORTIUM)18458 | |
| 650 | 7. | ‡aMoving, Household. ‡2fast ‡0(LARL_NWRL_CONSORTIUM)26201 | |
| 650 | 7. | ‡2fast ‡aSingle-parent families ‡0(LARL_NWRL_CONSORTIUM)31040 | |
| 650 | 7. | ‡aTime capsules. ‡2fast ‡0(LARL_NWRL_CONSORTIUM)32788 | |
| 650 | 7. | ‡aTreasure troves. ‡2fast ‡0(LARL_NWRL_CONSORTIUM)32994 | |
| 651 | 7. | ‡aTennessee. ‡2fast ‡0(LARL_NWRL_CONSORTIUM)2577 | |
| 655 | 7. | ‡aFiction. ‡2fast | |
| 655 | 7. | ‡aJuvenile works. ‡2fast | |
| 700 | 1 | . | ‡aTo, Vivienne, ‡eill. |
| 901 | . | ‡a161082 ‡bOCLC ‡c161082 ‡tbiblio | |

Add to basket
Permalink
Disable Highlighting